| 000 | 00897nam a2200229 a 4500 | ||
|---|---|---|---|
| 001 | 53683 | ||
| 003 | BD-RjUL | ||
| 005 | 20211209080013.0 | ||
| 008 | 161023s1955 ii ||||| |||| 00| 0 ben d | ||
| 020 | _c: Tk. 3.00 | ||
| 035 | _a(BD-RjUL)53805 | ||
| 040 |
_aBD-RjUL _bben _cBD-RjUL |
||
| 041 | _aben | ||
| 082 |
_223 _a891.4409 _bROS 1955 |
||
| 100 |
_aরায়, নীরেন্দ্রনাথ _9118751 |
||
| 245 | 1 | 0 |
_aসাহিত্য-বীক্ষা / _cনীরেন্দ্রনাথ রায় |
| 260 |
_aকলিকাতা : _bন্যাশনাল বুক এজেন্সি, _c১৯৫৫ |
||
| 300 |
_a[৪], ১৫৭ পৃ. ; _c২৩ সেমি. |
||
| 650 |
_aবাংলা সাহিত্য _xইতিহাস ও সমালোচনা _9160436 |
||
| 650 |
_aBengali Literature _xHistory and Criticism _9160437 |
||
| 942 |
_2ddc _cBK |
||
| 999 |
_c53683 _d53683 |
||